[Event "Nordic-ch"]
[Site "Sarpsborg"]
[Date "2019.06.25"]
[Round "7"]
[White "Kristiansen, Rune Harald"]
[Black "Fernandez, Juan Pablo"]
[Result "1/2-1/2"]
[WhiteElo "1849"]
[BlackElo "2066"]
[PlyCount "99"]
[EventDate "2019.06.21"]
[EventType "swiss"]
[EventRounds "9"]
[EventCountry "NOR"]
[SourceTitle "CBM 191 Extra"]
[Source "ChessBase"]
[SourceDate "2019.09.30"]
[SourceVersion "1"]
[SourceVersionDate "2019.09.30"]
[SourceQuality "1"]

1. d4 Nf6 2. Nf3 e6 3. Bg5 h6 4. Bh4 c5 5. e3 b6 6. c3 Bb7 7. Nbd2 Be7 8. Bd3 0-0 9. Bb1 d5 10. Bxf6 Bxf6 11. Qc2 Re8 12. Qh7+ Kf8 13. Bc2 Nd7 14. Ne5 Nxe5 15. dxe5 Bxe5 16. Ba4 Qc7 17. Bxe8 Rxe8 18. f4 Bf6 19. 0-0 d4 20. cxd4 cxd4 21. Rac1 Qd7 22. e4 e5 23. fxe5 Rxe5 24. Rxf6 gxf6 25. Qxh6+ Ke7 26. Qf4 Rc5 27. Rxc5 bxc5 28. h4 Qd6 29. Qxd6+ Kxd6 30. h5 Ke7 31. Kf2 Kf8 32. Kg3 c4 33. Nxc4 Bxe4 34. Nd2 Bd5 35. a3 Kg7 36. Nf3 Kh6 37. Nxd4 Kxh5 38. b4 Kg5 39. b5 f5 40. Nc6 f4+ 41. Kf2 Kf6 42. Nxa7 Ke5 43. a4 Kd6 44. a5 Kc5 45. a6 Kb6 46. Nc8+ Kxb5 47. a7 Ka6 48. a8Q+ Bxa8 49. Nd6 Bd5 50. Nxf7 1/2-1/2

[Event "Nordic-ch"]
[Site "Sarpsborg"]
[Date "2019.06.24"]
[Round "5"]
[White "Kristiansen, Rune Harald"]
[Black "Thorn, Eric"]
[Result "1-0"]
[WhiteElo "1849"]
[BlackElo "2230"]
[PlyCount "123"]
[EventDate "2019.06.21"]
[EventType "swiss"]
[EventRounds "9"]
[EventCountry "NOR"]
[SourceTitle "CBM 191 Extra"]
[Source "ChessBase"]
[SourceDate "2019.09.30"]
[SourceVersion "1"]
[SourceVersionDate "2019.09.30"]
[SourceQuality "1"]

1. d4 Nf6 2. c4 e6 3. Nf3 d5 4. Bg5 dxc4 5. Nc3 a6 6. a4 Nc6 7. e3 Na5 8. Nd2 Bb4 9. Nxc4 Qd5 10. Bxf6 gxf6 11. Nd2 Qf5 12. Rc1 Bd7 13. e4 Qg6 14. Qc2 c5 15. d5 Rc8 16. g3 c4 17. Bg2 Nb3 18. Nxb3 Bxa4 19. 0-0 Bxb3 20. Qe2 e5 21. Bh3 Rd8 22. Kh1 h5 23. Bf5 Qh6 24. Rce1 h4 25. g4 Qf4 26. h3 Bc5 27. Kg2 Rd6 28. Ra1 b5 29. Qe1 Bc2 30. Ne2 Qh6 31. f4 Bd3 32. Kf3 Bxe2+ 33. Kxe2 exf4 34. Kf3 0-0 35. Qa5 Rfd8 36. Qe1 Bd4 37. Qd2 Rb8 38. Qxd4 Qf8 39. Rg1 Qd8 40. Rg2 b4 41. Rag1 Qb6 42. Qxb6 Rdxb6 43. Rc2 c3 44. bxc3 b3 45. Rb2 Rb5 46. c4 Rb4 47. Rc1 a5 48. c5 a4 49. c6 a3 50. c7 Rf8 51. c8Q axb2 52. Qxf8+ Kxf8 53. Rb1 Rc4 54. Rxb2 Rc3+ 55. Kxf4 Rxh3 56. d6 Rc3 57. d7 Ke7 58. Rd2 Kd8 59. Rd4 h3 60. Ra4 Rd3 61. Ra8+ Kc7 62. Rc8+ 1-0

[Event "Nordic-ch"]
[Site "Sarpsborg"]
[Date "2019.06.23"]
[Round "4"]
[White "Ingebretsen, Jens E"]
[Black "Kristiansen, Rune Harald"]
[Result "1-0"]
[WhiteElo "2263"]
[BlackElo "1849"]
[PlyCount "97"]
[EventDate "2019.06.21"]
[EventType "swiss"]
[EventRounds "9"]
[EventCountry "NOR"]
[SourceTitle "CBM 191 Extra"]
[Source "ChessBase"]
[SourceDate "2019.09.30"]
[SourceVersion "1"]
[SourceVersionDate "2019.09.30"]
[SourceQuality "1"]

1. b3 Nf6 2. Bb2 b6 3. f4 Bb7 4. Nf3 e6 5. e3 Be7 6. Be2 d6 7. 0-0 h6 8. Qe1 Nbd7 9. Nc3 c5 10. Nd1 Qc7 11. a4 a6 12. Nf2 Rg8 13. h3 Nd5 14. Nh2 0-0-0 15. a5 b5 16. c4 bxc4 17. Bxc4 Nb4 18. Qe2 d5 19. Bd3 Bf6 20. Bc3 Nxd3 21. Nxd3 Bxc3 22. dxc3 Qc6 23. Nf3 f6 24. Rfb1 Rde8 25. b4 c4 26. b5 axb5 27. Nb4 Qc5 28. a6 Ba8 29. Nc2 e5 30. f5 Kc7 31. Ra5 Rb8 32. a7 Rb7 33. Na3 Kd8 34. Nxb5 Qb6 35. Raa1 Qc5 36. Ra5 Qb6 37. Ra2 Nc5 38. Qd2 Nd3 39. Ne1 Qc5 40. Nxd3 cxd3 41. Qxd3 Ke7 42. Rab2 Rd8 43. Kh1 Rdd7 44. Rb4 Qc6 45. Qe2 Rxb5 46. Rxb5 Rxa7 47. Qg4 g5 48. fxg6 Ra1 49. Rxa1 1-0

[Event "Nordic-ch"]
[Site "Sarpsborg"]
[Date "2019.06.21"]
[Round "1"]
[White "Kristiansen, Rune Harald"]
[Black "Dragicevic, Drazen"]
[Result "1/2-1/2"]
[WhiteElo "1849"]
[BlackElo "2359"]
[PlyCount "123"]
[EventDate "2019.06.21"]
[EventType "swiss"]
[EventRounds "9"]
[EventCountry "NOR"]
[SourceTitle "CBM 191 Extra"]
[Source "ChessBase"]
[SourceDate "2019.09.30"]
[SourceVersion "1"]
[SourceVersionDate "2019.09.30"]
[SourceQuality "1"]

1. d4 Nf6 2. c4 e6 3. g4 d5 4. g5 Ne4 5. Nf3 c5 6. e3 Nc6 7. Nc3 cxd4 8. exd4 Bb4 9. Bd2 Nxd2 10. Qxd2 dxc4 11. Bxc4 a6 12. a3 Bxc3 13. bxc3 b5 14. Be2 Bb7 15. Rg1 Na5 16. Qe3 Rc8 17. Nd2 Qc7 18. Rg3 Qc6 19. Bf1 Qd5 20. f4 Nb3 21. Rd1 Nxd2 22. Rxd2 Qe4 23. Qxe4 Bxe4 24. Re3 Bd5 25. f5 Kd7 26. Rf2 Kd6 27. Bh3 exf5 28. Bxf5 Rhe8 29. Rxe8 Rxe8+ 30. Re2 Rh8 31. Kd2 g6 32. Bc2 h6 33. gxh6 Rxh6 34. Rf2 f5 35. Bd3 Rh5 36. Be2 Rg5 37. h4 Rg1 38. h5 Be4 39. hxg6 Rxg6 40. Rh2 Kd5 41. Rf2 Rg1 42. Bf1 Rg3 43. Be2 Kc6 44. Rh2 Rg6 45. Rf2 Kd5 46. Ke3 Rc6 47. Kd2 Rh6 48. Ke3 Rh3+ 49. Kd2 Kc6 50. Bf1 Rh6 51. Be2 Kb6 52. Bd3 Bxd3 53. Kxd3 Rh3+ 54. Kc2 Rh5 55. Kb3 Ka5 56. Rf3 Rg5 57. c4 f4 58. Rxf4 Rg3+ 59. Kb2 Rg2+ 60. Kb3 Rg3+ 61. Kb2 Rg2+ 62. Kb3 1/2-1/2

[Event "NOR-chT Club"]
[Site "Drammen"]
[Date "2019.06.01"]
[Round "3.9"]
[White "Bjorkly, Sara Marie Skaug"]
[Black "Kristiansen, Rune Harald"]
[Result "0-1"]
[WhiteElo "1356"]
[BlackElo "1872"]
[PlyCount "70"]
[EventDate "2019.05.30"]
[EventType "team-swiss"]
[EventRounds "6"]
[EventCountry "NOR"]
[SourceTitle "CBM 190 Extra"]
[Source "ChessBase"]
[SourceDate "2019.07.15"]
[SourceVersion "1"]
[SourceVersionDate "2019.07.15"]
[SourceQuality "1"]
[WhiteTeam "Bergens II"]
[BlackTeam "Moss"]
[WhiteTeamCountry "NOR"]
[BlackTeamCountry "NOR"]

1. d4 e6 2. Bf4 Nf6 3. e3 b6 4. Nf3 Bb7 5. Bd3 Be7 6. Nbd2 d6 7. 0-0 Nbd7 8. h3 h6 9. Bh2 g5 10. e4 g4 11. hxg4 Nxg4 12. Bf4 h5 13. Nh2 Bg5 14. Bxg5 Qxg5 15. Ndf3 Qg7 16. Re1 Rg8 17. Nh4 Qxd4 18. Nxg4 Rxg4 19. g3 Rxg3+ 20. Kf1 Rg4 21. Nf3 Qg7 22. Re2 Ne5 23. Re3 Nxf3 24. Ke2 Nh4 25. Qh1 0-0-0 26. Qh3 Ng2 27. Kd2 Nxe3 28. Qxe3 Qg5 29. Qxg5 Rxg5 30. Rh1 f5 31. Rh4 fxe4 32. Bxe4 Bxe4 33. Rxe4 Rdg8 34. Ke3 Re5 35. Rxe5 dxe5 0-1

[Event "Ski Follosjakken Grand Prix 4 A"]
[Site "Ski"]
[Date "2018.10.13"]
[Round "4"]
[White "Kristiansen, Rune Harald"]
[Black "Stanford, Maxim Barth"]
[Result "0-1"]
[WhiteElo "1816"]
[BlackElo "2299"]
[PlyCount "74"]
[EventDate "2018.10.13"]
[EventType "swiss (rapid)"]
[EventRounds "6"]
[EventCountry "NOR"]
[SourceTitle "EXT 2024"]
[Source "ChessBase"]
[SourceDate "2023.10.10"]
[SourceVersion "1"]
[SourceVersionDate "2023.10.10"]
[SourceQuality "1"]

1. d4 Nf6 2. c4 e6 3. g4 d5 4. Nc3 Bb4 5. Bg5 c5 6. e3 Nc6 7. Nf3 Bxc3+ 8. bxc3 Qa5 9. Bxf6 gxf6 10. Qc2 dxc4 11. Nd2 b5 12. Bg2 Bb7 13. Ne4 0-0-0 14. Nxc5 Ba8 15. 0-0 h5 16. a4 hxg4 17. Ne4 Qc7 18. Ng3 b4 19. cxb4 Nxb4 20. Qc3 Bxg2 21. Kxg2 Nd5 22. Qd2 f5 23. Rfc1 Rd6 24. Rxc4 Qxc4 25. Rc1 Qxc1 26. Qxc1+ Kd7 27. Qc4 Rc8 28. Qb5+ Ke7 29. Qb7+ Rc7 30. Qb2 Rb6 31. Qa3+ Rb4 32. Nxf5+ exf5 33. Qa2 Rbc4 34. Kg3 a5 35. Qb1 Kf6 36. e4 Rc3+ 37. Kg2 Nf4+ 0-1

[Event "Ski Follosjakken Grand Prix 4 A"]
[Site "Ski"]
[Date "2018.10.13"]
[Round "3"]
[White "Stanford, Sheila Barth"]
[Black "Kristiansen, Rune Harald"]
[Result "0-1"]
[WhiteElo "2164"]
[BlackElo "1816"]
[PlyCount "152"]
[EventDate "2018.10.13"]
[EventType "swiss (rapid)"]
[EventRounds "6"]
[EventCountry "NOR"]
[SourceTitle "EXT 2024"]
[Source "ChessBase"]
[SourceDate "2023.10.10"]
[SourceVersion "1"]
[SourceVersionDate "2023.10.10"]
[SourceQuality "1"]

1. f4 d5 2. Nf3 e6 3. e3 f5 4. b3 Nf6 5. Bb2 Bc5 6. Be2 c6 7. 0-0 0-0 8. Qe1 Nbd7 9. c4 Qe7 10. Nc3 Ne4 11. Bd1 Ba3 12. Bxa3 Qxa3 13. d3 Nxc3 14. Qxc3 Qe7 15. b4 Qf6 16. Ne5 Nxe5 17. fxe5 Qg5 18. Qd4 Bd7 19. Bb3 Qe7 20. a3 b6 21. c5 Rab8 22. Rab1 g6 23. Rfc1 Qg5 24. g3 h5 25. a4 h4 26. Kf2 hxg3+ 27. hxg3 Kf7 28. cxb6 axb6 29. Qh4 Qxh4 30. gxh4 Rfc8 31. Bd1 Kg7 32. Bf3 Ra8 33. Ra1 Ra7 34. Rg1 Kh6 35. Rg3 Be8 36. Bd1 c5 37. bxc5 bxc5 38. Rh3 Rb8 39. Rc1 Rb2+ 40. Kf3 Bxa4 41. Bxa4 Rxa4 42. Rxc5 Raa2 43. Rh1 Rf2+ 44. Kg3 Rg2+ 45. Kh3 Rge2 46. Rg1 Rxe3+ 47. Rg3 Rxg3+ 48. Kxg3 Ra3 49. Rc6 Rxd3+ 50. Kg2 Re3 51. Rxe6 d4 52. Rd6 Rxe5 53. Rxd4 Re4 54. Rd6 Rxh4 55. Kg3 Rg4+ 56. Kf3 Kg5 57. Ra6 Rb4 58. Ra3 Rh4 59. Ra6 Rh3+ 60. Kg2 Rb3 61. Rc6 Kh5 62. Ra6 g5 63. Ra2 f4 64. Rc2 Kg4 65. Ra2 Rg3+ 66. Kh2 Rh3+ 67. Kg1 f3 68. Rb2 Kg3 69. Rg2+ Kf4 70. Ra2 Rh7 71. Rb2 g4 72. Rc2 Re7 73. Kf1 g3 74. Rc4+ Re4 75. Rc8 g2+ 76. Kf2 Re2+ 0-1

[Event "Ski Follosjakken Grand Prix 1"]
[Site "Ski"]
[Date "2018.03.24"]
[Round "3"]
[White "Kristiansen, Rune Harald"]
[Black "Risting, Eivind Olav"]
[Result "0-1"]
[WhiteElo "1814"]
[BlackElo "2045"]
[PlyCount "62"]
[EventDate "2018.03.24"]
[EventType "swiss (rapid)"]
[EventRounds "6"]
[EventCountry "NOR"]
[SourceTitle "EXT 2024"]
[Source "ChessBase"]
[SourceDate "2023.10.10"]
[SourceVersion "1"]
[SourceVersionDate "2023.10.10"]
[SourceQuality "1"]

1. d4 Nf6 2. c4 c5 3. d5 b5 4. cxb5 a6 5. Nc3 axb5 6. e4 b4 7. Nb5 d6 8. Bc4 Nbd7 9. Bf4 Nb6 10. b3 Ba6 11. e5 Nxc4 12. bxc4 Bxb5 13. exf6 Bxc4 14. Ne2 exf6 15. 0-0 Be7 16. Re1 0-0 17. Ng3 Qd7 18. Rxe7 Qxe7 19. Nf5 Qe4 20. Qg4 g5 21. g3 Bxd5 22. f3 Qxf3 23. Qxf3 Bxf3 24. Bxd6 Rfe8 25. Bxc5 b3 26. Bd4 Rxa2 27. Rxa2 bxa2 28. Bxf6 Rb8 29. Kf2 g4 30. Ne7+ Kf8 31. Nf5 Rb1 0-1

[Event "Oslo Stjernens op"]
[Site "Oslo"]
[Date "2017.06.17"]
[Round "3"]
[White "Store, Trond"]
[Black "Kristiansen, Rune Harald"]
[Result "1/2-1/2"]
[WhiteElo "2082"]
[BlackElo "1845"]
[PlyCount "96"]
[EventDate "2017.06.16"]
[EventType "swiss"]
[EventRounds "6"]
[EventCountry "NOR"]
[SourceTitle "EXT 2018"]
[Source "ChessBase"]
[SourceDate "2017.10.13"]
[SourceVersion "1"]
[SourceVersionDate "2017.10.13"]
[SourceQuality "1"]

1. d4 d5 2. c4 e6 3. Nc3 f5 4. Bf4 c6 5. e3 Nf6 6. Bd3 Bd6 7. Nf3 Bxf4 8. exf4 0-0 9. 0-0 Ne4 10. Ne5 Nd7 11. Ne2 Qh4 12. Qb3 Nd2 13. Qb4 Nxf1 14. Rxf1 Nxe5 15. fxe5 Qd8 16. Nf4 Qb6 17. Qc3 Bd7 18. Re1 a5 19. Re3 Qb4 20. Qc2 Qe7 21. Rg3 Be8 22. Qe2 Kh8 23. h4 g6 24. Rg5 Rg8 25. c5 Bf7 26. Qd2 Rg7 27. Bc2 h6 28. Rg3 g5 29. Ne2 g4 30. Qxh6+ Rh7 31. Qg5 Qxg5 32. hxg5 Kg7 33. Rb3 Rb8 34. Nf4 Rbh8 35. Kf1 Rh1+ 36. Ke2 Rb8 37. Rb6 Rc1 38. Kd2 Rf1 39. Ke2 Ra1 40. a3 Kf8 41. Ba4 Rc1 42. Bxc6 Ke7 43. Ba4 Rc4 44. Bb5 Rxd4 45. Nd3 Re4+ 46. Kd2 Kd8 47. Rd6+ Ke7 48. Rb6 Kd8 1/2-1/2